[Event "Foxwoods Open"]
[Site "?"]
[Date "2006.04.15"]
[Round "6"]
[White "De Firmian, N."]
[Black "Akobian, V."]
[Result "1/2-1/2"]
[WhiteElo "2560"]
[BlackElo "2575"]
[Annotator "GM Akobian"]
[PlyCount "61"]
[EventDate "2006.02.08"]
[WhiteTeam "USA"]
[BlackTeam "USA"]
[WhiteTeamCountry "USA"]
[BlackTeamCountry "USA"]

1. e4 e6 2. d4 d5 3. Nc3 Nf6 4. Bg5 Bb4 5. e5 h6 6. Bd2 Bxc3 7. bxc3 Ne4 8. Qg4
g6 9. Bd3 Nxd2 10. Kxd2 c5 11. Nf3 Qe7 12. a4 c4 13. Be2 a5 14. h4 Bd7 15. Qf4
Bc6 16. Nh2 Nd7 17. Rhb1 (17. Ng4 h5 18. Nf6+ Nxf6 19. exf6 (19. Qxf6 Qxf6 20.
exf6 Kd7 $13) 19... Qd7 $15) 17... O-O-O (17... g5 $5 18. Qg4 (18. hxg5 Qxg5 $1
19. Qxg5 (19. Ke3 $13) 19... hxg5 20. Nf3 g4 21. Ng5 Rg8 22. Nh7 Ke7 23. Ke3
Rg7 $17) 18... f5 19. exf6 (19. Qh5+ Kd8 20. hxg5 Qxg5+ 21. Qxg5+ hxg5 22. Nf3
g4 23. Ng5 Ke7 $15) 19... Nxf6 $17) 18. Ng4 Qxh4 (18... h5 19. Nf6 Nxf6 20.
Qxf6 (20. exf6 Qc7 21. Qxc7+ Kxc7 22. g3 $11) 20... Qd7 $15) 19. Qxf7 Qg5+ 20.
Ne3 (20. f4 Qf5 21. Qxf5 gxf5 (21... exf5 22. Ne3 h5 23. Bf3 Nf8 24. Rb5 $1 $16
) 22. Ne3 h5 23. Rh1 h4 24. Rh2 Nb6 25. Rah1 Bxa4 26. g4 fxg4 27. Bxg4 Bd7 28.
Rxh4 Rhf8 29. Rh6 Rxf4 30. Bxe6 $16) 20... Rde8 21. f4 Qg3 22. Rf1 Rhf8 23. Qg7
Rxf4 24. Qxh6 (24. Rxf4 Qxf4 25. Qxg6 Nc5 $3 26. dxc5 d4 27. cxd4 Qxd4+ $19)
24... g5 $1 25. Rxf4 (25. Qh3 Qxh3 26. gxh3 Rxf1 27. Nxf1 Nb6 $15) 25... gxf4
26. Ng4 (26. Nf1 Qf2 $17) 26... Qxg2 $2 $138 (26... Nxe5 $3 27. Nxe5 (27. dxe5
d4 28. cxd4 c3+ 29. Kd1 Rd8 30. Qxe6+ Kb8 31. Qc4 f3 32. Bxf3 Bxf3+ 33. gxf3
Qxf3+ 34. Ke1 Qxg4 35. Qxc3 Rxd4 $19) (27. Qh3 Qxh3 28. gxh3 Nxg4 29. hxg4 Kc7
30. Rf1 Rf8 31. g5 Kd6 32. g6 e5 33. dxe5+ Kxe5 $19) 27... Qe3+ 28. Kd1 Qxc3
29. Nxc6 Qxa1+ 30. Kd2 c3+ 31. Kd3 Qc1 32. Kxc3 bxc6 $19) 27. Qxf4 Nb6 28. Ne3
Qg8 29. Bg4 Kb8 30. Rf1 Bxa4 31. Bh5 1/2-1/2

[Event "Turin Olympiad"]
[Site "?"]
[Date "2006.05.22"]
[Round "2"]
[White "Arbouche, M."]
[Black "Akobian, V."]
[Result "0-1"]
[WhiteElo "2248"]
[BlackElo "2575"]
[Annotator "GM Akobian"]
[PlyCount "70"]
[EventDate "2006.02.08"]
[WhiteTeam "USA"]
[BlackTeam "USA"]
[WhiteTeamCountry "USA"]
[BlackTeamCountry "USA"]

1. d4 Nf6 2. Bg5 Ne4 3. h4 c5 4. dxc5 Qa5+ 5. Nd2 Nxg5 6. hxg5 g6 7. Ngf3 Bg7
8. c3 Qxc5 9. e3 Nc6 10. Bd3 d5 11. e4 Be6 12. Qa4 a6 13. Nb3 (13. exd5 Bxd5
14. Ne4 Qb6 15. O-O-O O-O-O $11) 13... Qd6 (13... Qb6 14. exd5 Bxd5 15. Be4
O-O-O 16. Bxd5 Rxd5 17. Qc4 e6 $15) 14. O-O-O (14. exd5 Bxd5 15. O-O-O O-O-O
16. Be4 Qf4+ 17. Nbd2 $13) 14... Bd7 15. Nbd2 (15. exd5 Nd4 16. Qb4 Qxb4 17.
cxb4 Nxb3+ 18. axb3 Rd8 $15) 15... d4 $1 16. c4 Nb4 17. Qa3 a5 18. Kb1 (18. e5
Bxe5 19. Ne4 Qc7 20. Nxe5 Qxe5 21. Nf6+ Kd8 22. Nxd7 Kxd7 23. Qa4+ Kc7 $15)
18... e5 19. Rh4 h5 20. gxh6 Rxh6 21. c5 (21. Rxh6 Bxh6 22. Rh1 Bg7 23. Rh7 Kf8
$15) 21... Qxc5 22. Rc1 Qe7 23. Rxh6 Bxh6 24. Rc7 Bxd2 $1 25. Bb5 (25. Nxd2 Qg5
26. Nf3 (26. Nc4 Qh5 27. Nd6+ Ke7 28. Bb5 Kxd6 29. Rxd7+ Kc5 30. Rc7+ Kxb5 31.
Rxb7+ Kc6 32. Rxb4 Qd1#) 26... Qxg2 27. Nxe5 Bc6 28. b3 Qxf2 $19) 25... Bxb5
26. Rxe7+ Kxe7 27. Nxd2 Rc8 $1 28. b3 (28. Nb3 Bd3+ 29. Ka1 b6 30. g4 Kf6 $19)
28... Bd3+ 29. Ka1 $138 Rc5 $1 30. Qa4 Rc1+ 31. Kb2 Rc2+ 32. Ka1 Rxd2 33. Qxa5
Rxa2+ 34. Qxa2 Nxa2 35. Kxa2 Bxe4 0-1

[Event "Turin Olympiad"]
[Site "?"]
[Date "2006.05.23"]
[Round "3"]
[White "Akobian, V."]
[Black "Dimakiling, O."]
[Result "1-0"]
[WhiteElo "2575"]
[BlackElo "2452"]
[Annotator "GM Akobian"]
[PlyCount "75"]
[EventDate "2006.02.08"]
[WhiteTeam "USA"]
[BlackTeam "USA"]
[WhiteTeamCountry "USA"]
[BlackTeamCountry "USA"]

1. d4 d5 2. c4 e6 3. Nf3 Bb4+ 4. Bd2 a5 5. e3 Be7 6. Nc3 Nf6 7. Bd3 O-O 8. Qc2
Na6 9. a3 c5 10. O-O b6 11. cxd5 exd5 12. Ne5 Bb7 13. f4 Nc7 14. Bf5 Qd6 15.
Rad1 Ba6 16. Rf3 Ne6 17. Be1 cxd4 18. exd4 b5 19. Bh4 h6 20. Qb3 Nc7 21. Bb1 b4
(21... Ne4 22. Bxe7 Qxe7 23. Nxe4 dxe4 24. Bxe4) 22. axb4 axb4 23. Bxf6 Bxf6
24. Qc2 Rfd8 (24... g6 25. Nxg6 $1 fxg6 (25... bxc3 26. Ne7+ Qxe7 27. Qh7#) (
25... Bxd4+ 26. Rxd4 fxg6 27. Nxd5 Nxd5 28. Rxd5 Qb6+ 29. Kh1 Rac8 30. Qd1 Qf6
31. Rd2 $16) 26. Qxg6+ Bg7 (26... Kh8 27. Qh7#) 27. Qxd6 $18) 25. Qh7+ Kf8 26.
Re1 $1 Ne6 27. f5 $1 Bc8 (27... Ng5 28. Nd7+ Qxd7 29. Qh8#) 28. fxe6 Bxe6 29.
Ne2 (29. Rxf6 $142 gxf6 30. Qxh6+ Ke7 31. Nxf7 Kxf7 (31... Qd7 32. Nxd8 Rxd8
33. Ne2 $18) 32. Bg6+ Kg8 33. Qh7+ Kf8 34. Qh8+ Bg8 35. Qh6#) 29... Bxe5 30.
dxe5 Qxe5 31. Rff1 Ke7 32. Nf4 Qd4+ 33. Kh1 Ra6 34. Nh5 Qxb2 35. Nxg7 Kd6 36.
Nxe6 fxe6 37. Rxe6+ Kxe6 38. Qg6+ 1-0

[Event "2nd San Marino Open"]
[Site "Sochi RUS"]
[Date "2006.06.06"]
[Round "2"]
[White "Bhat, V."]
[Black "Akobian, V."]
[Result "0-1"]
[WhiteElo "2409"]
[BlackElo "2575"]
[Annotator "GM Akobian"]
[PlyCount "104"]
[EventDate "2006.04.20"]
[WhiteTeam "USA"]
[BlackTeam "USA"]
[WhiteTeamCountry "USA"]
[BlackTeamCountry "USA"]

1. e4 d6 2. d4 Nf6 3. Nc3 c6 4. g3 e5 5. Nge2 Nbd7 (5... b5 $1 6. Bg2 Nbd7 7.
O-O Be7 $11) 6. a4 a5 7. Bg2 Be7 8. O-O O-O 9. h3 Re8 10. Be3 Bf8 11. g4 exd4
12. Bxd4 Nc5 13. Ng3 Nfd7 14. Qd2 g6 15. Rad1 b6 16. f4 Ba6 17. Rfe1 Qc7 18. b3
Ne6 19. Be3 Rad8 20. Qf2 Bg7 21. Nce2 Bxe2 22. Rxe2 b5 $1 23. Red2 (23. axb5
cxb5 24. Red2 a4 25. bxa4 bxa4 26. Rxd6 a3 27. e5 Nxe5 28. fxe5 Bxe5 29. Rxd8
Rxd8 30. Rxd8+ Nxd8 31. Bb6 Qd6 32. Ne4 Qd1+ 33. Qf1 Qxf1+ 34. Bxf1 a2 $19)
23... bxa4 24. bxa4 Bf8 25. h4 Nec5 26. Bd4 Nxa4 27. Ba1 Qb6 28. Bd4 Qb4 29.
Qf3 Rb8 30. h5 Nb2 31. Bc3 Qa3 32. Rf1 Na4 33. Rd3 Nxc3 34. Rxc3 Qb2 (34... Qa4
$5) 35. hxg6 hxg6 36. e5 Qb6+ 37. Kh2 d5 38. Nf5 Bb4 39. Rd3 Nc5 40. Nh6+ Kg7
41. f5 Qc7 $1 42. fxg6 Qxe5+ 43. Kh1 f6 44. Nf7 Rh8+ 45. Bh3 Qe4 46. Kh2 Qxg6
47. Nxh8 Rxh8 48. Re3 Ne4 49. Qf5 Qxf5 50. Rxf5 Ng5 51. Kg2 a4 52. Rf4 Bd2 0-1

[Event "2nd San Marino Open"]
[Site "?"]
[Date "2006.06.07"]
[Round "4"]
[White "Jovanic, O."]
[Black "Akobian, V."]
[Result "0-1"]
[WhiteElo "2473"]
[BlackElo "2575"]
[Annotator "GM Akobian"]
[PlyCount "88"]
[EventDate "2006.??.??"]
[WhiteTeam "USA"]
[BlackTeam "USA"]
[WhiteTeamCountry "USA"]
[BlackTeamCountry "USA"]

1. d4 Nf6 2. c4 e6 3. Nf3 Bb4+ 4. Nbd2 b6 5. a3 Bxd2+ 6. Bxd2 Bb7 7. Bg5 d6 8.
e3 Nbd7 9. Bh4 h6 10. Qc2 g5 11. Bg3 Ne4 12. Bd3 f5 13. d5 Ndc5 14. Nd4 Qf6 15.
Bxe4 fxe4 16. dxe6 $2 (16. Nxe6 Nxe6 17. Qxe4 O-O-O 18. Qxe6+ Qxe6 19. dxe6
Bxg2 20. Rg1 Bf3 21. b4 Rhe8 $15) (16. O-O $1 exd5 17. b4 Nd3 18. Qa4+ Kd8 (
18... Kf7 19. f3 $16) 19. f3 $16) 16... Nd3+ 17. Kd2 O-O-O 18. Qc3 a6 19. h4 g4
20. Kc2 Rhf8 $15 21. Rhd1 h5 22. Rd2 Rde8 23. Rad1 Rxe6 24. Nxe6 Qxe6 25. Kb1
Bc6 26. b3 Kb7 27. Ka1 Rf5 28. Rb1 Ra5 29. Ra2 Qf7 30. Rf1 Rf5 31. b4 $2 $138 (
31. Rc2 $11) 31... Ka7 32. Qd4 Bb7 33. Rc2 a5 34. b5 a4 35. Bf4 Rc5 (35... Nxf4
36. exf4 Rxf4 37. Rg1 (37. Rc3 e3 38. Qxe3 Bxg2 39. Rfc1 Rxf2 $17) 37... e3 38.
Qxe3 Rxc4 39. Rxc4 Qxc4 40. Rc1 Qxb5 41. Rxc7 Ka6 $11) 36. g3 Qf8 37. Rc3 Kb8
38. Kb1 d5 39. Ka1 $2 (39. cxd5 Rxb5+ 40. Ka1 Nxf4 41. exf4 Bxd5 $13) 39...
Rxc4 $19 40. Bxc7+ (40. Rxc4 Qxa3+ 41. Kb1 Qb3+ 42. Ka1 dxc4 $19) 40... Rxc7
41. Ka2 Rxc3 42. Qxc3 Qc5 43. Qh8+ Ka7 44. Rb1 d4 0-1

[Event "National Open"]
[Site "Turin ITA"]
[Date "2006.06.17"]
[Round "3"]
[White "Gonzalez, R."]
[Black "Akobian, V."]
[Result "0-1"]
[WhiteElo "2470"]
[BlackElo "2575"]
[Annotator "GM Akobian"]
[PlyCount "70"]
[EventDate "2006.05.21"]
[WhiteTeam "USA"]
[BlackTeam "USA"]
[WhiteTeamCountry "USA"]
[BlackTeamCountry "USA"]

1. e4 e6 2. Qe2 c6 3. Nf3 d5 4. d3 dxe4 5. dxe4 e5 6. c3 (6. Nxe5 $4 Qa5+ 7.
Nc3 Qxe5 $19) 6... Qc7 7. Qc2 Nf6 8. Bc4 $6 (8. Nbd2 $11) 8... b5 9. Be2 Nbd7
10. Bg5 Be7 11. Nbd2 Nc5 12. O-O Ne6 (12... a5 13. b4 Ne6 14. a4 Nxg5 15. Nxg5
axb4 16. axb5 Rxa1 17. Rxa1 Nd7 18. Ngf3 cxb5 19. Bxb5 Qxc3 20. Qxc3 bxc3 21.
Rc1 f6 22. Rxc3 Kd8 $11) 13. Bxf6 Bxf6 14. b4 (14. g3 O-O $15) 14... Nf4 15.
Nb3 O-O 16. c4 Qb6 $1 17. c5 Qc7 18. g3 (18. a4 Be6 19. Na5 a6 $15) 18... Nxe2+
19. Qxe2 Be6 20. Na5 Be7 21. Qe3 Rfd8 22. a4 (22. Nxe5 $5 Qxe5 23. Nxc6 Qc7 24.
Nxd8 Rxd8 25. Rfd1 Re8 26. a3 Bf6 27. Rac1 a5 28. Rc2 h6 $15) 22... a6 23. axb5
(23. Nxe5 Qxe5 24. Nxc6 Qc7 25. Nxd8 Rxd8 26. axb5 axb5 27. Rfd1 Re8 $15) 23...
axb5 24. Rfd1 f6 25. Qe1 $2 (25. Kg2 $15) (25. Nh4 Bf8 $15) 25... Rxd1 $1 26.
Qxd1 (26. Rxd1 Bxc5 27. bxc5 Qxa5 28. Qxa5 Rxa5 29. Rd6 Bh3 $19) 26... Bxc5 $1
27. Nxc6 (27. bxc5 Rxa5 28. Rxa5 Qxa5 29. Qd6 Bh3 30. Qb8+ Kf7 31. Qb7+ Kg6 32.
Nh4+ Kh5 33. Qf7+ Kh6 34. Nf5+ Bxf5 35. exf5 Qe1+ 36. Kg2 Qe4+ 37. Kf1 Qb1+ 38.
Kg2 Qxf5 $19) 27... Rxa1 28. Qxa1 Qxc6 29. bxc5 Qxc5 30. Qa8+ Qc8 31. Qa5 Bh3
32. Qa2+ Kh8 33. Qb1 Qc3 34. Qd1 h6 35. Nh4 Kh7 $1 0-1

[Event "National Open"]
[Site "Turin ITA"]
[Date "2006.06.18"]
[Round "6"]
[White "Akobian, V."]
[Black "Khachiyan, M."]
[Result "1-0"]
[WhiteElo "2575"]
[BlackElo "2465"]
[Annotator "GM Akobian"]
[PlyCount "79"]
[EventDate "2006.05.21"]
[WhiteTeam "USA"]
[BlackTeam "USA"]
[WhiteTeamCountry "USA"]
[BlackTeamCountry "USA"]

1. d4 Nf6 2. c4 g6 3. Nc3 d5 4. Bg5 Ne4 5. Bh4 Nxc3 6. bxc3 Bg7 7. e3 c5 8.
cxd5 Qxd5 9. Nf3 Nc6 10. Qb3 $1 Qxb3 (10... Be6 11. Qxb7 Rb8 12. Qc7 O-O 13.
Bd3 c4 14. Bc2 Rb2 15. e4 Qh5 16. Bd1 Rc8 17. Qf4 Qa5 18. O-O Qxc3 19. d5 $18)
11. axb3 cxd4 12. exd4 e5 13. d5 $1 e4 (13... Ne7 $5) 14. Nd2 (14. O-O-O exf3 (
14... Ne7 15. Nd2 Nf5 16. Bg5 $14) 15. dxc6 O-O 16. c7 Be6 17. Be7 Rfe8 18. Rd8
a6 19. gxf3 $16) 14... Nb4 (14... Bxc3 15. Rc1 Bxd2+ 16. Kxd2 Ne7 17. Bf6 Rg8
18. Bc4 $16) 15. Nxe4 $1 O-O $2 (15... Bf5 $2 16. Nf6+ Bxf6 17. Bxf6 Nc2+ 18.
Kd2 Nxa1 19. Bb5+ Kf8 (19... Bd7 20. Re1+ Kf8 21. Bxd7 Nxb3+ 22. Kc2 Nc5 23.
Be7+ Kg7 24. Bxc5 $18) 20. Rxa1 $18) (15... Nc2+ $8 16. Kd2 Nxa1 17. Bb5+ Bd7
18. Nd6+ Kf8 19. Rxa1 Bxb5 20. Nxb5 a6 (20... Be5 21. Kc2 $14) 21. Nd6 $16) 16.
O-O-O Bf5 (16... f5 17. cxb4 fxe4 18. Bc4 $18) 17. Nf6+ Kh8 (17... Bxf6 18.
Bxf6 Rac8 19. Kb2 Na6 20. Bxa6 bxa6 21. c4 $18) 18. Kb2 $6 (18. cxb4 $142 Rfc8+
19. Kb2 Rc2+ 20. Ka3 a5 21. g4 $1 Bf8 22. d6 Be6 23. bxa5 Rxa5+ 24. Kb4 Raa2
25. Bg3 Rab2 26. Rd3 Rc4+ 27. Ka3 Rcc2 28. Be5 Ra2+ 29. Kb4 $18) 18... h6 19.
f4 Nc2 20. h3 $1 Rad8 21. g4 Ne3 22. Re1 Nxf1 23. Rhxf1 Bc8 24. Rd1 $1 b5 (
24... Rd6 25. Ne4 Rd7 26. Bf6 $18) 25. b4 $1 a5 (25... a6 26. Rfe1 Bd7 27. Kc2
Bc8 28. Re7 $18) 26. bxa5 b4 27. cxb4 Rd6 28. g5 Bxh3 29. Rfe1 Bd7 30. Bf2 Rb8
31. Ka3 Bxf6 32. gxf6 Kg8 33. Re7 Bb5 34. Bc5 Rxf6 35. d6 Rd8 36. Rb7 Be2 37.
Rd2 Bf3 38. Rc7 Rxf4 39. d7 Bg4 40. Rc8 1-0

[Event "World Open"]
[Site "?"]
[Date "2006.07.03"]
[Round "7"]
[White "Akobian, V."]
[Black "Nakamura, H."]
[Result "1/2-1/2"]
[WhiteElo "2575"]
[BlackElo "2660"]
[Annotator "GM Akobian"]
[PlyCount "90"]
[EventDate "2006.??.??"]
[WhiteTeam "USA"]
[BlackTeam "USA"]
[WhiteTeamCountry "USA"]
[BlackTeamCountry "USA"]

1. d4 g6 2. c4 Bg7 3. Nf3 (3. e4 {need to look at the new lines asap}) 3... Nf6
4. Nc3 d5 5. Bf4 O-O 6. cxd5 Nxd5 7. Be5 Bh6 $5 $146 8. e3 (8. e4 Nxc3 9. bxc3
c5 $13) 8... Nxc3 9. bxc3 Nd7 10. Bg3 (10. Bc4 Nxe5 11. Nxe5 Bg7 12. f4 e6 13.
O-O c5 14. Rb1 $14) 10... c5 11. Bd3 Qa5 12. Qd2 (12. Qb3 $142 cxd4 13. exd4
Nf6 14. O-O Be6 15. c4 $14) 12... Nf6 13. O-O b6 14. Bh4 Bb7 15. Bxf6 exf6 16.
Qb2 Rac8 17. Rfc1 Rfd8 18. a4 $1 cxd4 (18... Bxf3 19. gxf3 c4 20. Bf1 Qf5 21.
Bg2 $14) 19. cxd4 Bf8 20. Qb5 Bb4 21. Rab1 Bc3 22. h3 (22. Qb3 Kg7 (22... Bd5
23. Qa3 Kg7 $2 24. Rb5 $18) 23. Rc2 Bxf3 24. gxf3 Qg5+ 25. Kh1 Ba5 26. Rbc1 Qh5
27. Be2 Rxc2 28. Rxc2 Qh4 29. Bf1 Be1 30. Kg1 f5 31. Qb1 Rc8 32. f4 Rxc2 33.
Qxc2 Qe7 34. Bg2 Qb4 35. Kf1 Qc3 36. Qd1 Bd2 37. Ke2 Bc1 38. Qd3 Qxd3+ 39. Kxd3
Kf6 40. Kc4 a6 41. Bb7 b5+ 42. axb5 axb5+ 43. Kxb5 Ke7 44. Kc4 Ba3) 22... Kg7
23. Rc2 Bc6 24. Qxa5 Bxa5 25. Rbc1 Bd7 26. Bb5 Rxc2 27. Rxc2 Rc8 28. Rxc8 Bxc8
29. Kf1 Kf8 30. Ke2 Ke7 31. Kd3 a6 32. Bc4 Bd7 33. Bxa6 Bxa4 34. e4 Bd7 35. Bc4
b5 36. Bb3 Bc7 37. Nd2 h5 38. Nb1 b4 39. Kc4 Bb6 40. Nd2 Bc8 41. Kd3 g5 42. Nf1
f5 43. Ne3 fxe4+ 44. Kxe4 Ba5 45. g4 hxg4 1/2-1/2

[Event "Open"]
[Site "Santo Domingo DOM"]
[Date "2006.11.03"]
[Round "6"]
[White "Akobian, V."]
[Black "Belorusov, M."]
[Result "1-0"]
[WhiteElo "2598"]
[BlackElo "2315"]
[Annotator "GM Akobian"]
[PlyCount "89"]
[EventDate "2006.10.31"]
[EventType "swiss"]
[EventRounds "9"]
[EventCountry "DOM"]
[Source "Mark Crowther"]
[SourceDate "2006.11.13"]

1. d4 d5 2. c4 e6 3. Nf3 Nf6 4. Nc3 dxc4 5. Qa4+ Nbd7 6. Bg5 c6 7. Qxc4 Qb6 8.
Rb1 Nd5 (8... Bb4 9. Bd2 O-O 10. e3 Bd6 11. Bd3 $14) 9. a3 N7f6 10. Bxf6 Nxc3 (
10... gxf6 11. e3 Bd6 12. Bd3 $14) (10... Nxf6 11. e4 Be7 12. Bd3 O-O 13. O-O
Bd7 14. b4 $14) 11. Qxc3 gxf6 12. e3 Bd6 13. Be2 Bd7 14. Nd2 $1 Qc7 15. Ne4 Be7
16. b4 Rg8 17. Bf3 f5 18. Nc5 a6 19. a4 Bxc5 (19... O-O-O 20. O-O Bd6 21. g3
Kb8 22. Rfc1 Bc8 23. b5 $18) 20. Qxc5 b6 21. Qc3 Ra7 22. O-O Ke7 (22... a5 23.
Rfc1 axb4 24. Qxb4 Ra6 25. Qc4 Ra5 26. Bxc6 Bxc6 27. Qxc6+ Qxc6 28. Rxc6 Ke7
29. Rc7+ Kf6 30. Rxb6 Rxa4 31. g3 $16) 23. Rfc1 Rc8 24. a5 Rb7 25. Be2 b5 26.
Qd2 Rg8 27. Rc5 Qd6 28. Rbc1 Rc7 29. Bf3 f6 30. Qc3 Rgc8 31. g3 Be8 32. Qc2 Kd8
33. e4 fxe4 34. Bxe4 f5 (34... Bg6 35. Bxg6 hxg6 36. Qxg6 Qxd4 37. h4 Qxb4 38.
h5 Qd4 39. h6 Ke7 40. h7 f5 41. Rxf5 exf5 42. Re1+ Qe4 43. Rxe4+ fxe4 44. Qxe4+
Kd6 45. Qd4+ Ke6 46. h8=Q Rxh8 47. Qxh8 $18) 35. Bf3 Bd7 36. Qc3 Be8 37. Qe3
Re7 38. Qg5 Rcc7 39. Qg8 Kd7 (39... Rg7 40. Qh8 $18) 40. Qh8 Rc8 41. Bxc6+ Rxc6
42. Rxc6 Qxc6 43. Rxc6 Kxc6 44. Qe5 $1 Kb7 45. d5 1-0

[Event "GMA Cup"]
[Site "?"]
[Date "2006.11.20"]
[Round "5"]
[White "Akobian, V."]
[Black "Antonio, R."]
[Result "1-0"]
[WhiteElo "2598"]
[BlackElo "2550"]
[Annotator "GM Akobian"]
[PlyCount "69"]
[EventDate "2006.??.??"]
[SourceDate "2006.02.08"]

1. d4 Nf6 2. c4 e6 3. Nf3 c5 4. d5 exd5 5. cxd5 d6 6. Nc3 g6 7. Nd2 Nbd7 8. e4
Bg7 9. Be2 O-O 10. O-O Ne8 11. Kh1 Rb8 (11... f5 12. exf5 Rxf5 (12... gxf5 13.
Nf3 Ne5 (13... f4 14. Bd3 Ne5 15. Nxe5 Bxe5 16. Qh5 Qe7 17. Bd2 Qg7 18. Rae1
Bd7) 14. Bf4 Bd7 15. Qd2 $14) 13. Bg4 Rf8 14. Be6+ Kh8 15. Nde4 $14) 12. a4 a6
13. Nc4 Nb6 14. Ne3 Bd7 15. f4 Nc8 16. a5 Na7 (16... Nc7 17. f5 Nb5 18. Nxb5
axb5 19. Ng4 Re8 20. f6 Bxg4 21. Bxg4 Bxf6 22. Qf3 Kg7 23. Bd7 $1 Qxd7 (23...
Rf8 24. Bxb5 Be5 25. Qh3 $16) 24. Qxf6+ Kg8 25. Bh6 $18) 17. Nc4 Bb5 $6 (17...
Nb5 18. Nxb5 axb5 (18... Bxb5 19. Qc2 Qf6 (19... Nf6 20. Bd2 Re8 21. Bf3 $14))
19. Nb6 $14) 18. Be3 $1 Nc7 19. e5 $1 Bxc4 20. Bxc4 Nab5 21. Ne4 $1 $16 {
Diagram #} dxe5 (21... Re8 22. Qd3 dxe5 23. d6 Ne6 24. f5 gxf5 25. Rxf5 Nbd4
26. Bxd4 cxd4 27. Raf1 $18) 22. Bxc5 $1 (22. d6 $5 Ne6 23. fxe5 Bxe5 24. Rxf7
Kxf7 25. Qd5 Bxb2 26. Ng5+ $18) 22... exf4 23. Bxf8 Qxf8 (23... Bxf8) 24. d6
Ne6 25. Bxb5 axb5 26. Qd5 b4 27. Rad1 (27. Ra4 $142 $18) 27... Qd8 28. b3 Ra8
29. Qxb7 Qxa5 30. d7 Rd8 31. Rd5 Qa3 (31... Qa2 32. Qxb4 Qe2 33. Qc4 $18) 32.
Nc5 $1 f3 (32... Nxc5 33. Rxc5 Qxb3 34. Rc8 Bf6 35. Rxd8+ Bxd8 36. Qc8 Qd3 37.
Qxd8+ Kg7 38. Ra1 b3 (38... Qd4 39. Re1 Qf2 40. Qe7 f3 41. Qe5+ f6 42. Qe7+ Kh6
43. Qe3+ $18) 39. Qb6 Qxd7 40. Qxb3 $18) 33. Nxe6 fxg2+ 34. Kxg2 fxe6 35. Qc8
1-0

[Event "GMA Cup"]
[Site "?"]
[Date "2006.11.22"]
[Round "7"]
[White "Akobian, V."]
[Black "Wang, R."]
[Result "1-0"]
[WhiteElo "2598"]
[BlackElo "2463"]
[Annotator "GM Akobian"]
[PlyCount "145"]
[EventDate "2006.??.??"]
[SourceDate "2006.02.08"]

1. d4 d5 2. c4 dxc4 3. e3 Nf6 4. Bxc4 e6 5. Nf3 c5 6. O-O a6 7. b3 cxd4 8. Nxd4
Be7 9. Bb2 Bd7 10. Nd2 Nc6 11. N2f3 O-O 12. Qe2 Qa5 13. a3 Qh5 14. b4 Rac8 15.
Nb3 e5 16. Nfd2 Qg6 17. f3 Rfd8 18. Rac1 Be8 19. b5 axb5 20. Bxb5 Nd5 21. Ne4
f5 22. Nc3 Nxc3 23. Rxc3 Bf7 24. Rfc1 Bf6 25. Bxc6 Rxc6 26. Rxc6 bxc6 27. Nc5
e4 28. fxe4 Bxb2 29. Qxb2 fxe4 30. a4 Qh5 31. Qc2 Qg5 32. Qc3 h5 33. a5 h4 34.
h3 Bd5 35. a6 Ra8 36. Ra1 Ra7 37. Rb1 Ra8 38. Rf1 (38. Rb7 Rf8 39. a7 Qg3 40.
Nd7 Qf2+ 41. Kh1 Qf1+ 42. Kh2 Rf2 43. a8=Q+ Kh7 44. Nf8+ Kh6 45. Qxg7+ Kh5 46.
Qg6#) (38. Qd4 Qe7 39. Rf1) 38... Kh7 39. Qd4 Qe7 40. Rb1 Qg5 41. Rf1 Qe7 42.
Rf4 Kg8 43. Rf5 Rb8 44. Rf1 Rb5 45. Ra1 Qa7 46. Nb7 (46. Ne6 $1 Qxd4 47. exd4
$18) 46... Rb6 (46... Rxb7 47. axb7 Qxb7 48. Qe5) 47. Nd6 Be6 48. Qxe4 Bd5 49.
Qe8+ Kh7 50. Nc8 $2 (50. Ra4 $1 Rb1+ 51. Kh2 $18 Rh1+ 52. Kxh1 $18) 50... Rxa6
51. Nxa7 Rxa1+ 52. Kh2 Rxa7 53. Qh5+ Kg8 54. e4 Bf7 55. Qxh4 Ra8 56. Kg3 Re8
57. Kf4 c5 58. Qg3 c4 59. h4 Rf8 60. Ke3 Rc8 61. Qg4 Re8 62. Kd4 Rd8+ 63. Kc3
Rd3+ 64. Kc2 Rd6 65. h5 Rh6 66. Qc8+ Kh7 67. Qf5+ Kg8 68. g4 Be6 69. Qf3 Rf6
70. Qg3 g6 71. Qe5 Rf2+ 72. Kc1 Bxg4 73. Qe8+ 1-0

[Event "GMA Cup"]
[Site "?"]
[Date "2006.11.23"]
[Round "9"]
[White "Akobian, V."]
[Black "Garma, C."]
[Result "1-0"]
[WhiteElo "2598"]
[BlackElo "2415"]
[Annotator "GM Akobian"]
[PlyCount "173"]
[EventDate "2006.??.??"]
[SourceDate "2006.02.08"]

1. d4 d5 2. c4 e6 3. Nc3 Nf6 4. cxd5 exd5 5. Bg5 Be7 6. e3 h6 7. Bh4 O-O 8. Bd3
Re8 9. Nge2 Nbd7 10. O-O Nf8 11. Qc2 c6 12. f3 Nh5 13. Bf2 (13. Bxe7 Rxe7 14.
e4 Ne6 15. e5 Nhf4 16. Nxf4 Nxf4 17. Ne2 Qb6 $1 $15) 13... Bh4 14. e4 Bxf2+ 15.
Rxf2 Ne6 16. e5 Qg5 (16... Nhf4 17. Nxf4 Nxf4 18. Ne2 Nxd3 19. Qxd3 Qg5 20. f4
Qf5 21. Qc3 $14) 17. g3 Nhf4 18. h4 Nh3+ 19. Kg2 Qe3 20. Rff1 $1 (20. Nd1 Nxd4
21. Nxe3 (21. Qc3 Qxe5 22. Nxd4 Nxf2 23. Nxf2 Bd7 $17) 21... Nxc2 22. Bxc2 Nxf2
23. Kxf2 Rxe5 $15) 20... Nxd4 21. Nxd4 Qxd4 22. f4 (22. Bh7+ Kh8 23. Bf5 Nf4+
24. gxf4 Qxf4 25. Bxc8 Raxc8 26. Rae1 Rxe5 $15) 22... Bg4 23. Be2 h5 24. Rad1
Qb4 25. Rd2 Qe7 26. Bxg4 hxg4 27. Qd1 Qe6 28. f5 Qh6 29. Rd4 Ng5 $3 30. Rxg4
Nh7 31. Qd4 Rad8 32. Qf4 Qxf4 33. gxf4 f6 34. e6 d4 35. Ne4 Rd5 36. Kf3 Re7 37.
Ng3 Nf8 38. h5 Kh7 39. Rd1 a5 40. Rh4 c5 41. Rh2 d3 42. b3 b5 43. Rhd2 c4 44.
bxc4 bxc4 45. Rc1 Rc7 46. Ke4 Rd6 47. Rc3 Kh6 48. Kf3 Rd5 49. Rd1 Kh7 50. Re1
Kg8 51. Ke3 Nh7 52. Kd2 Kf8 53. Re4 Rdc5 54. Rd4 Ke7 55. Nf1 $2 $138 (55. Ke3)
55... Rxf5 56. Ne3 Rxh5 57. Nd5+ Rxd5 58. Rxd5 Kxe6 59. Rdxd3 g5 60. Rd4 gxf4
61. Rcxc4 Rb7 62. Re4+ Kf7 63. Rxf4 Rb2+ 64. Rc2 Rb5 65. Rc7+ Kg6 66. Ra4 Ng5
67. Ra7 Rd5+ 68. Ke2 Re5+ 69. Kf1 Rb5 70. R4xa5 Rb2 71. Re7 Nf3 72. Re2 Nh2+
73. Ke1 Rb1+ 74. Kf2 f5 75. a4 Ng4+ 76. Kg2 Rb3 77. Re6+ Kg5 78. Rb5 Ra3 79. a5
Ra2+ 80. Kf3 Rf2+ 81. Kg3 Ra2 82. a6 Ra3+ 83. Kg2 Kh4 84. Rxf5 Rxa6 (84... Ne3+
85. Rxe3 Rxe3 86. Ra5 Re8 87. a7 Ra8 88. Kf3 $18) 85. Rxa6 Ne3+ 86. Kf3 Nxf5
87. Kf4 1-0

[Event "Morelia Open"]
[Site "?"]
[Date "2007.02.16"]
[Round "3"]
[White "Akobian, V.."]
[Black "Leon Hoyos, M.."]
[Result "1-0"]
[WhiteElo "2588"]
[BlackElo "2430"]
[Annotator "GM Akobian"]
[PlyCount "81"]
[EventDate "2007.02.16"]
[SourceDate "2007.02.16"]

1. d4 d6 2. Nf3 Bg4 3. c4 Nd7 4. Qb3 Rb8 5. Nc3 Ngf6 6. e4 c6 (6... Bxf3 7.
gxf3 e5 8. Be3 $14) 7. Be3 a6 8. Be2 e5 9. O-O Qc7 10. Rfd1 Be7 11. Qc2 O-O 12.
Rac1 Rfe8 13. b4 Bxf3 14. Bxf3 exd4 15. Bxd4 a5 (15... c5 16. Bxf6 Nxf6 17. b5
$14) 16. a3 Bf8 17. Be2 g6 18. f4 Bg7 19. Bf3 Re6 20. Qd2 (20. Qf2 $16) 20...
Rbe8 21. Qf2 axb4 22. axb4 Qb8 23. Rd2 h5 24. Rcd1 Nf8 25. Qg3 Rd8 26. Kh1 Ne8
27. Bxg7 Nxg7 28. c5 d5 (28... f5 29. e5 d5 30. Nxd5 cxd5 31. Bxd5 Qc7 32.
Bxe6+ Ngxe6 33. Rxd8 Nxd8 34. Rd6 Nde6 35. Qf3 $18) 29. f5 (29. exd5 Nf5 30.
Qf2 Re3 31. Ne2 cxd5 32. Bxd5 Rde8 33. Kg1 $16) 29... Re5 (29... Qxg3 30. hxg3
gxf5 31. exd5 Re3 32. dxc6 Rxd2 33. c7 Rxd1+ 34. Nxd1 Re8 35. Bxb7 Nfe6 36.
c8=Q Rxc8 37. Bxc8 $18) 30. f6 Ne8 31. exd5 Nxf6 32. dxc6 Rxd2 33. Rxd2 bxc6
34. h3 $1 N8d7 35. b5 h4 $2 (35... Rxc5 36. Qxb8+ Nxb8 37. Rd8+ Kg7 38. Rxb8
Rxc3 39. Bxc6 $14) 36. Qxh4 Re3 (36... Rxc5 37. bxc6 Rxc3 38. cxd7 Rc1+ 39. Bd1
$18) 37. bxc6 Ne5 38. Be2 $1 Kg7 39. c7 $1 Qa8 (39... Qxc7 40. Qxf6+ Kxf6 41.
Nd5+ Kg7 42. Nxc7 $18) 40. Rd8 Qa1+ 41. Kh2 1-0